Statistics for Guess the Map #2

Click here to take the quiz!

General Stats

  • This quiz has been taken 241 times
  • The average score is 5 of 10

Answer Stats

Answer% Correct
The European Union
97%
Percentage of {Muslim} population by country
75%
The Confederate States
72%
The Empire of Japan
63%
{Viking} expansion
44%
Percentage of {light}-{eyed} people in Europe
31%
Countries that recognise {Kosovo} {as} {independent}
29%
Habsburg Empire of Charles V
25%
Biggest {oil} {exporters}
22%
Countries that use a {dollar} {currency}
7%

Score Distribution

Percentile by Number Answered

Percent of People with Each Score

Your Score History

You have not taken this quiz